000 00408nam a2200133Ia 4500
008 211109s9999||||xx |||||||||||||| ||und||
082 _a894.8121
_bULL-B
100 _aUlloor, Parameswara Iyer
245 0 _aBhakthideepika
260 _bUllur Publishers
_aThiruvananthapuram
_c1970
630 _xGeneral Stack
650 _aLiterature
_vmalayalam literatureMalayalam PoetryLiterature
_xGeneralia
942 _cBOOK
999 _c34116
_d34116